000
00369nam a22001337a 4500
082
_a
345.5491 MAH
100
_a
Mahmood, M.
245
_a
The Pakistan Penal Code 1860:
_b
As Amended up to date /
260
_a
Lahore :
_b
Al-Qanoon Publishers,
_c
2021.
300
_c
24 cm.
942
_2
ddc
_c
BK
999
_c
586887
_d
586887